|
|
|
|
| LEADER |
00000ny a22000003n 4500 |
| 005 |
20110623183911.0 |
| 006 |
m u |
| 007 |
cr cn||||||||| |
| 008 |
200806r20072008sp |||||s|||||||||||spa d |
| 020 |
|
|
|a 9788498490046
|
| 035 |
|
|
|a 2450
|
| 040 |
|
|
|a FlNmELB
|c FlNmELB
|d vLex
|
| 050 |
|
|
|a K623
|b V622 2007eb
|
| 080 |
|
|
|a 347.191.12
|
| 090 |
|
|
|c 1170
|d 1170
|
| 100 |
1 |
|
|a Viñas, Antonio
|
| 245 |
1 |
0 |
|a Instituciones polt̕icas y sociales de Roma
|h [Recurso electrn̤ico]
|b monarqua̕ y repb︢lica /
|c Antonio Viñas
|
| 256 |
|
|
|a Servicio en ln̕ea
|
| 260 |
|
|
|a Madrid :
|b Dykinson,
|c 2007
|
| 300 |
|
|
|a [7]-218 p
|
| 506 |
1 |
|
|a Contenido solo disponible en los productos indicados
|d vLex Global
|d vLex Global (Academic Edition, excluding Law Schools)
|d vLex Global (U.S. Academic Edition, Law Schools)
|d vLex Global (U.S. Academic Edition, excluding Law Schools)
|d vLex Global (Academic Edition, Law Schools)
|
| 650 |
0 |
7 |
|a Historia del derecho
|2 Tesauro vLex
|
| 650 |
0 |
7 |
|a Constitucional
|2 Tesauro vLex
|
| 650 |
0 |
7 |
|a Garanta̕s constitucionales
|2 Tesauro vLex
|
| 740 |
0 |
|
|a vLex Libros (Servicios en ln̕ea)
|
| 856 |
4 |
0 |
|z Acceso restringido
|u http://vlex.com/source/roma-instituciones-politicas-sociales-2450
|
| 942 |
|
|
|c BOOK
|